Najdroższe samochody świata - Statystyki

Ogólne statystyki
  • Ten quiz został rozwiązany 549 razy
  • Średni wynik to 7 z 10
Statystyki odpowiedzi
Hint Odpowiedź % Poprawnych
3. Bugatti Centodieci 9mln Dolarów
92%
4. Bugatti Divo 5,8mln Dolarów
92%
1. Bugatti La Voiture Noire 19mln Dolarów
92%
7. Ferrari Sergio Pininfarina 3,4mln Dolarów
86%
5. Lamborghini Veneno Roadster 3,8mln Dolarów
84%
10. Mercedes-AMG Project One 2,7mln Dolarów
70%
2. Rolls-Royce Sweptail 13mln Dolarów
50%
6. McLaren P1 LM 3,6mln Dolarów
47%
8. Aston Martin Valkyrie 3,2mln Dolarów
35%
9. Koeniggsegg Jesko 2,8mln Dolarów
5%
Nie znaleziono quizów pasujących do podanych kryteriów
Rozkład punktacji
Procent ludzi z każdym wynikiem
Percentyl według liczby udzielonych odpowiedzi
Twoja historia wyników
Nie rozwiązałeś tego quizu